Pays de l’Union européenne sur une carte - Statistiques

Statistiques générales
  • Ce quiz a été pris 1 425 fois
  • Le résultat moyen est 21 sur 27
Réponses sur la Carte
Les réponses sont colorées sur une échelle allant du rouge au vert en fonction du pourcentage des utilisateurs qui les ont devinées à leur premier essai. Vous pouvez retrouver ces pourcentages ci-dessous.
 
Statistiques - réponses
Réponse % Correct
France
99%
Allemagne
91%
Italie
91%
Espagne
89%
Portugal
88%
Belgique
87%
Luxembourg
87%
Irlande
86%
Pays-Bas
84%
Pologne
82%
Danemark
81%
Finlande
81%
Malte
80%
Grèce
79%
Chypre
77%
Suede
77%
Estonie
73%
Autriche
70%
Lettonie
70%
République tchèque
67%
Roumanie
66%
Bulgarie
65%
Croatie
65%
Hongrie
65%
Lituanie
64%
Slovénie
63%
Slovaquie
41%
Aucun quiz correspondant
Distribution des résultats
% des personnes avec chaque résultat
Percentile par nombre de réponses
Votre historique - résultats
Vous n’avez pas pris ce quiz